IP fundamentals : What everyone needs to know about addressing and routing /

Gespeichert in:
Bibliographische Detailangaben
1. Verfasser: Maufer, Thomas.
Format: Buch
Sprache:English
Veröffentlicht: Upper Saddle River, NJ : Prentice Hall PTR, 1999.
Schlagworte:
IP.
Tags: Tag hinzufügen
Keine Tags, Fügen Sie den ersten Tag hinzu!
Thư viện lưu trữ: Mạng thư viện Đại học Đà Nẵng
LEADER 00857cam a2200325 i 4500
001 000045347
003 4522
005 20030227091540.0
008 010220|1999 vm 000 eng
020 |a 0139754830 
040 |a IRC  |c IRC  |d IRC 
041 0 |a eng 
082 1 4 |a 004.62  |b MA-T 
100 1 |a Maufer, Thomas. 
245 0 0 |a IP fundamentals :  |b What everyone needs to know about addressing and routing /  |c Thomas Maufer. 
260 |a Upper Saddle River, NJ :  |b Prentice Hall PTR,  |c 1999. 
300 |a 492p. :  |b ill. 
630 0 4 |a Computer. 
630 0 4 |a IP. 
650 0 4 |a TCP/IP (Computer network protocol) 
OWN |a DUT 
999 |a From the UDN01 
TYP |a Monograph 
TYP |a Printed language 
980 |a Mạng thư viện Đại học Đà Nẵng